000
00253nam a2200109Ia 4500
008
200302s9999 xx 000 0 und d
100
_a
Lily Choi & Other
245
_a
Detail Annual 5
260
_b
Archiworld Co. Ltd.
260
_c
2008
300
_a
269 P.,
999
_c
3092
_d
3092